| 000 | 00531nam a2200205Ia 4500 | ||
|---|---|---|---|
| 003 | OSt | ||
| 005 | 20250808111042.0 | ||
| 008 | 250729s2005 xx 000 0 und d | ||
| 020 | _a978-8188836741 | ||
| 040 | _cAL | ||
| 041 | _aeng | ||
| 082 | _a370 JOHJ | ||
| 100 |
_aMishra B C _9221112 |
||
| 245 | _aPersonality patlerns and academic achivement | ||
| 260 |
_aNewyork _bOrbis Books Sonali Publication _c2005 |
||
| 300 | _a258p | ||
| 650 |
_aEducation _9221113 |
||
| 700 |
_aBrandhaban Chandra _9221114 |
||
| 942 |
_2ddc _cBED |
||
| 999 |
_c234860 _d234860 |
||